Planet bumi kita

Bibliographic Details
Format: Book
Published: Kuala Lumpur : DBP , 1994
Series:Siri ensiklopedia tanya jawab
Subjects:

MARC

LEADER 00000cam a2200000 7i4500
001 0000008396
002 000009152
005 20000330.0
020 |a 9836200932 
090 0 0 |a 030   |b ENS 
245 0 0 |a Planet bumi kita 
260 |a Kuala Lumpur :   |b DBP ,   |c 1994 
300 |a p.v. :   |b ill. ;   |c 27 cm. 
490 0 |a Siri ensiklopedia tanya jawab 
650 0 0 |a Encyclopedias   |x Juvenile literature 
999 |a 052759   |b BUKU   |c JUNIOR BOOKS   |e PERPUSTAKAAN KOMUNITI CAW KOTA DAMANSARA 
999 |a 052760   |b BUKU   |c PINJAMAN   |e PERPUSTAKAAN KOMUNITI PETALING JAYA 
999 |a 052761   |b BUKU   |c PINJAMAN   |e PERPUSTAKAAN KOMUNITI PETALING JAYA 
999 |a 054811   |b BUKU   |c JUNIOR BOOKS   |e PERPUSTAKAAN KOMUNITI CAW KOTA DAMANSARA 
999 |a 054812   |b BUKU   |c JUNIOR BOOKS   |e PERPUSTAKAAN KOMUNITI CAW KOTA DAMANSARA